000 01156nam a2200265 a 4500
001 000028735
003 DO-SdBNP
005 20220518094801.0
007 ta
008 110303s2010 dr ac 000 0 spa d
040 _aDO-SdBNP
_bspa
_cBNPHU
082 4 _a021.7
_bF356r, 2010
_222
111 2 _aFeria Regional del Libro la Altagracia
_n(6a. :
_d2010 : 19-24 de octobre
_cLa Altagracia, República Dominicana)
_955731
245 1 0 _aVI Feria Regional del Libro la Altagracia, 2010 :
_bprograma.
260 _aLa Altagracia República Dominicana :
_bDirección General de la Feria del Libro,
_c2010.
300 _a52 p. :
_bil., retrs. ;
_c23 cm.
500 _aLeer te nutre
590 _aInventariado, 2019/VM
611 2 _aFeria Regionaldel Libro
_n(6ª :
_d2010 :
_cLa Altagracia(República Dominicana)
_xProgramas
_955732
650 4 _aIndustria del libro
_zRepública Dominicana
_xProgramas
_955292
650 4 _aFeria del libro
_zLa Altagracia (República Dominicana{Rpara}
_y2010
_xProgramas
_955733
650 4 _aLibros
_xExposiciones
_zLa Altagracia (República Dominicana{Rpara}
_955734
910 _aValidado. Control de calidad EMS
942 _2ddc
_cLBS1
999 _c28227
_d28227